Countries Bordering the Coral Sea - Statistics

General Stats
  • This quiz has been taken 331 times
  • The average score is 4 of 5
Answer Stats
Country % Correct
Australia
99%
Papua New Guinea
95%
Solomon Islands
88%
Vanuatu
86%
France (New Caledonia)
40%
No matching quizzes found
Score Distribution
Percent of People with Each Score
Percentile by Number Answered
Your Score History
You have not taken this quiz